书目信息 |
| 题名: |
文化的力量
|
|
| 作者: | 国风 著 | |
| 分册: | ||
| 出版信息: | 北京 新华出版社 2015.5 |
|
| 页数: | 701页 | |
| 开本: | 24cm | |
| 丛书名: | ||
| 单 册: | ||
| 中图分类: | K203-53 | |
| 科图分类: | ||
| 主题词: | 中华文化--Zhong Hua Wen Hua--文集 , 文集--Wen Ji | |
| 电子资源: | ||
| ISBN: | 978-7-5166-1408-2 | |
| 000 | 00852nam0 22002531 450 | |
| 001 | 346823 | |
| 005 | 20161008143207.0 | |
| 010 | @a978-7-5166-1408-2@dCNY86.00 | |
| 100 | @a20150401d2015 em y0chiy50 ea | |
| 101 | 0 | @achi |
| 102 | @aCN@b110000 | |
| 105 | @ay z 000yy | |
| 106 | @ar | |
| 200 | 1 | @a文化的力量@AWen Hua De Li Liang@dThe power of culture@f田学斌著@zeng |
| 210 | @a北京@c新华出版社@d2015.5 | |
| 215 | @a701页@d24cm | |
| 330 | @a本书收录有文化的使命是引领生活、崇尚简单、生命的品格、促进社会公正、思想的价值、正确的思想就是真理、理念的重塑、根子在文化、豁达的人生等内容。 | |
| 510 | 1 | @aPower of culture@zeng |
| 606 | 0 | @a中华文化@AZhong Hua Wen Hua@j文集 |
| 606 | 0 | @a文集@AWen Ji |
| 690 | @aK203-53@v5 | |
| 701 | 0 | @a国风@AGuo Feng@f(1963.12~)@4著 |
| 801 | 0 | @aCN@bTANGWEI@c20160808 |
| 905 | @b0892215-8@dK203-53@e162@f4 | |
| 文化的力量=The power of culture/田学斌著.-北京:新华出版社,2015.5 |
| 701页;24cm |
| ISBN 978-7-5166-1408-2:CNY86.00 |
| 本书收录有文化的使命是引领生活、崇尚简单、生命的品格、促进社会公正、思想的价值、正确的思想就是真理、理念的重塑、根子在文化、豁达的人生等内容。 |
| ● |
| 相关链接 |
|
|
|
|
正题名:文化的力量
索取号:K203-53/162
 
预约/预借
| 序号 | 登录号 | 条形码 | 馆藏地/架位号 | 状态 | 备注 |
| 1 | 0892215 | 208922157 | 第二样本阅览室/ [索取号:K203-53/162] | 在馆 | |
| 2 | 0892216 | 208922166 | 第二借阅区/ [索取号:K203-53/162] | 在馆 | |
| 3 | 0892217 | 208922175 | 第二借阅区/ [索取号:K203-53/162] | 在馆 | |
| 4 | 0892218 | 208922184 | 第二借阅区/ [索取号:K203-53/162] | 在馆 | |
| 5 | 880268 | 208802688 | 第二样本阅览室/ [索取号:K203-53/162] | 在馆 | |
| 6 | 880269 | 208802697 | 教育系资料室/ [索取号:K203-53/162] | 在馆 | |
| 7 | 880270 | 208802704 | 教育系资料室/ [索取号:K203-53/162] | 在馆 | |
| 8 | 880271 | 208802713 | 教育系资料室/ [索取号:K203-53/162] | 在馆 | |
| 9 | 880272 | 208802722 | 第二借阅区/ [索取号:K203-53/162] | 在馆 | |
| 10 | 880273 | 208802731 | 第二借阅区/ [索取号:K203-53/162] | 在馆 |